MDQL
is popping MORE tags! Check the
thread
!
Quizzes
Events
Quiz Creation
Community
Videos
Private Events
Remove Ads
Sign In
Join for FREE
Feedback
Dark Mode
Quiz Categories
Sports
Geography
Music
Movies
Television
Just For Fun
Miscellaneous
History
Literature
Language
Science
Gaming
Entertainment
Religion
Holiday
For Kids
Quiz Lab
Recent
Popular Today
Quiz Kudos Today
Editor Picks
Curator Picks
Quizzes by...
Day
Popularity
Type
Ratings
Length
Year
Community
Subscriptions
Recent Discussions
Orange Saloon
Badges
Playlists
Quests
Create
Leaderboards
Showdown
Live 5
Trivia Bingo
Activity
Puzzle Library
Sporcle Events
Private Events
Virtual Trivia
Globe League
Become a Host
Pub Owners
SporcleCon
Opinionation
Our Games
Videos
Blog
Mobile Apps
Partnerships
Remove Ads and Go Orange
Feedback
Movies
Disney
Marvel Cinematic Universe
Movie Resume
Movie Titles
Oscar
Actor
Actress
Director
Pixar
Role
Movie Quotes
Movie Characters
Box Office
Nominee
Best Picture
Star Wars
James Bond
Horror Movies
Movies
Disney
Marvel Cinematic Universe
Movie Resume
Movie Titles
Oscar
Actor
Actress
Director
Pixar
Role
Movie Quotes
Movie Characters
Box Office
Nominee
Best Picture
Star Wars
James Bond
Horror Movies
Random Quiz
Search Sporcle
×
Quiz Lab
Quiz Lab
Movies
Pop Music
Type answers based on single images at one time
Type answers based on single images at one time
Slideshow
Best Score? Go Orange.
Funko Pop! Movies III Stats
Can you identify the movie based on the Funko Pop! figures?
By
sheylamarie
10m
35 Questions
596 Plays
596 Plays
596 Plays
Comments
Comments
Give Quiz Kudos
Give Quiz Kudos
-
- Ratings
hide this ad
Replay
Link that replays current quiz
Next Quiz
Link to next quiz in quiz playlist
You Got
0%
They Got
Avg Score
78%
Avg Friend Score
Upgrade to see
Score Distribution
Jump to the score distribution portion of the page
Score
0/35
Timer
10:00
0
Plays Today
% Correct
Peter Pan
97.5%
Monsters, Inc.
95.1%
The Lion King
95.1%
Robin Hood
94%
Lilo & Stitch
93.8%
Transformers
93.6%
Snow White and the Seven Dwarfs
93.5%
The Wizard of Oz
93.5%
Harry Potter
93%
Aladdin
92.4%
It
92.1%
WALL-E
92.1%
The Nightmare Before Christmas
91.9%
Lord of the Rings
91.8%
Bambi
91.6%
Scream
90.8%
Pirates of the Caribbean
87.2%
How to Train Your Dragon
87.1%
% Correct
Guardians of the Galaxy
85.9%
Pinocchio
85.7%
Mean Girls
85.6%
Planet of the Apes
85.6%
Ave Ventura: Pet Detective
83.4%
Who Framed Roger Rabbit
80.5%
The Goonies
75.8%
V for Vendetta
75.3%
Predator
70.8%
The Dark Knight Rises
65.8%
The Boxtrolls
59.7%
21 Jump Street
57.4%
The Book of Life
56.9%
Jay and Silent Bob Strike Back
40.1%
Crimson Peak
26.3%
The Year Without a Santa Claus
22.5%
Big Trouble in Little China
20.5%
Quiz Playlist
Details
Report
Send in Message
Add To Playlist
Slideshow:
Type answers based on single images at one time
Last Updated: Feb 16, 2017
Quiz Scoreboard
CHALLENGE
Sign Up to Join the Scoreboard
Show All
Scores
Hide
Comments
May contain spoilers
Recently Published
5x2 Blitz: Bands
by SL_Kpop136
Music
30s
Colored Red Africa Blitz
by spor1
Geography
30s
Find the 'City' Movie
by crazypaving
Movies
60s
More to Explore
Quiz From the Vault
Featured Blog Post
14 Easter Pick-up Lines to Find Eggs With
hide this ad
You Might Also Like...
Tags
Pop Music Quiz
Identify
Today's Top Quizzes in Movies
Browse Movies
hide this ad
Today's Top Quizzes in Pop Music
Browse Pop Music
Top Contributed Quizzes in Movies
1
Find The 'Big' Movie
2
Find The 'Blue' Movie
3
Find The 'Wild' Movie
4
Hidden Star Wars Character II
5
Pick 5 Posters: Directed by Spielberg
6
Hidden Star Wars Character III
7
Hidden Star Wars Character IV
8
Movies By Plot
9
Alfred Hitchcock Movies by Plot
10
Hidden Star Wars Character V
Explore More
Trending Topics
Disney
Marvel
Harry Potter
Crossword
Anime
Kpop
NBA
Pokémon
Song
Country
NFL
Puzzle
The Office
WWE
Soccer
hide this ad
More By:
sheylamarie
Quiz
Plays
Rating
Category
Featured
Created
Explain a Film Plot Badly II
243,874
4.57
Movies
Dec 18, 2015
Amazon Movie Reviews
235,489
4.75
Movies
Jan 7, 2016
Amazon Movie Reviews II
181,926
4.68
Movies
Jan 12, 2016
Amazon Movie Reviews IV
170,356
4.12
Movies
Apr 13, 2016
Amazon Movie Reviews III
167,208
4.44
Movies
Jan 12, 2016
Go to Creator's Profile
Score Distribution
Quiz Creator Spotlight
sheylamarie
Follow
Send a Message
Quizzes Created
-
Created Quiz Play Count
-
More By This Creator
Popular Quizzes Today
1
Find the 'City' Movie
2
5x2 Blitz: Bands
3
Colored Red Africa Blitz
4
Find the US States - No Outlines Minefield
5
The Countries of the World
6
Find the US States
7
9x9 Crossword: Cartoon Network
8
US States
More Movies Quizzes
Best Movies of 2013
Quiz Lab
Trending Quizzes
Colored Red Europe Blitz I
Colored Red Africa Blitz II
Colored Red Europe Blitz III
Colored Red Europe Blitz II
Colored Red Africa Blitz III
Recently Updated
Champions League XIs: Real Madrid
pecheneg
Largest US Cities 1790-2010
pecheneg
Rides in Walt Disney World
pecheneg
Most Oscar Losses (Acting)
pecheneg
Beyoncé Albums
pecheneg
Leaping Animals
pecheneg
Reality TV Shows (A-Z)
bhenderson79
Rickey Henderson's Hall of Fame Teammates
pecheneg
Champions League XIs: Arsenal
pecheneg
Quick Pick: Celebrities in WWE's Hall of Fame
aduchscher
Trending Topics
Anime
Kpop
Disney
Crossword
Harry Potter
NBA
Marvel
The Office
NFL
Puzzle
Pokémon
Soccer
Country
Song
WWE
Your Account Isn't Verified!
In order to create a playlist on Sporcle, you need to verify the email address you used during registration. Go to your
Sporcle Settings
to finish the process.
Report this User
Report this user for behavior that violates our
Community Guidelines
.
Details:
Send Report
Go to the Sporcle.com Mobile Site →
Comments